000 00539nam a22002057a 4500
003 UA-OsUOA
001 48625
007 ta
008 20070911b un ||||| |||| 00| 0 ukr d
090 _a330(477)
_bМ-12
942 _cSA
040 _aUA-OsUOA
_bukr
_cUA-OsUOA
_dUA-OsUOA
245 _aМитний тариф України/ Продовження. Початок у №141-142
300 _aС.3-30
955 _a0
041 _aukr
080 _a330(477)
773 0 _w48624
650 7 _a330 Економіка взагалі
_2UDC
999 _c334728
_d334728